000
00291nam a22001217a 4500
020
_a
978-1-862-30189
082
_a
823
_b
COL/C
100
_a
COLE, EVE
245
_a
COWS IN ACTION
_b
THE TER-MOO-NATORS
260
_a
LONDON
_b
THE RADOM HOUSE CHILDRENS BOOKS
_c
2007
300
_a
150
942
_c
BK
999
_c
5810
_d
5810